Perth, WA Trivia - Statistics

General Stats
  • This quiz has been taken 95 times
  • The average score is 12 of 15
Answer Stats
Hint Answer % Correct
What river runs through the capital city? Swan
100%
What is the name of the popular tourist island located 33.9 km from Perth's shore? Rottnest
96%
And what is the marsupial species that lives exclusively on said island? Quokka
95%
What ocean touches Perth shores? Indian
94%
The Fremantle Dockers are one AFL team, name the other. West Coast Eagles
93%
What is the Australian closest state capital to Perth? Adelaide
90%
Namesake of the developed quay located in the CBD . Queen Elizabeth II
88%
What do the initials F.I.F.O. stand for? Fly In Fly Out
85%
What former jail, opened in 1855, and famously made of limestone, is a popular tourist destination? Fremantle Prison
80%
From which country were the largest amount of foreign immigrants born in? England
74%
What is the name of the Perth National Basketball League team? Wildcats
73%
Who is the states premier as of March 2017? Mark McGowan
65%
Name of the Perth based football league. W.A.F.L.
54%
What is the name of the arts program who's alum included Hugh Jackman, Dacre Montgomery and Luke Arnold? W.A.A.P.A.
51%
What is the state floral emblem for Western Australia? Kangaroo Paw
50%
No matching quizzes found
Score Distribution
Percent of People with Each Score
Percentile by Number Answered
Your Score History
You have not taken this quiz